000
00254nam a2200109Ia 4500
008
190216s9999||||xx |||||||||||||| ||und||
100
_a
Padmanabhan T
245
0
_a
Veedu Nashtapetta Oru Kutty
260
_b
Pk Brothers
650
_a
Kathakal
942
_c
BK
999
_c
26701
_d
26701